000 00298nam a2200121Ia 4500
008 190216s9999||||xx |||||||||||||| ||und||
100 _aParama Hamsa Tiwari
245 0 _aUniversal Principles Of Space And Matter
260 _bOrient Publishers
300 _a187
650 _aEnglish
942 _cBK
999 _c14339
_d14339